Statistiken für Audi Modelle

Klicken Sie hier um das Quiz zu spielen!

Allgemein

  • Dieses Quiz wurde 29 mal gespielt
  • Das Durchschnittsergebnis liegt bei 5 aus 83

Antwortstatistiken

HintAntwort% Korrekt
Q8Q8
55%
Q5Q5
41%
Q2Q2
36%
Q3Q3
36%
Q7Q7
36%
A6A6 Avant
32%
A4A4 Avant
27%
RS6RS6 Avant
23%
A3A3 Limousine
18%
A3A3 Sportback
18%
A8A8
18%
RS Q8RS Q8
18%
A5A5 Sportback
14%
RS4RS4 Avant
14%
e-tron GTRS e-tron GT
14%
TTTT Coupé
14%
A4A4 Limousine
9%
A5A5 Coupé
9%
A6A6 Limousine
9%
A7A7 Sportback
9%
A8A8 L
9%
RS7RS7 Sportback
9%
A1A1 Sportback
5%
A5A5 Cabriolet
5%
Q3Q3 Sportback
5%
Q4Q4 e-tron
5%
Q5Q5 Sportback
5%
Q8Q8 e-tron
5%
R8R8 GT
5%
RS3RS3 Sportback
5%
RS5RS5 Sportback
5%
RS Q3RS Q3
5%
S5S5 Coupé
5%
SQ8SQ8 e-tron
5%
TT RSTT RS Coupé
5%
A1A1 allstreet
0%
A3A3 Sportback g-tron
0%
A3A3 Sportback TFSI e
0%
A4A4 Allrad quattro
0%
A6A6 Allrad quattro
0%
A6A6 Avant TFSI e
0%
A6A6 Limousine TFSI e
0%
A7A7 Sportback TFSI e
0%
A8A8 L TFSI e
0%
A8A8 TFSI e
0%
e-tron GTe-tron GT quatro
0%
Q2Q2 TFSI
0%
Q3Q3 Sportback TFSI e
0%
Q3Q3 TFSI e
0%
Q4Q4 Sportback e-tron
0%
Q5Q5 Sportback TFSI e
0%
Q5Q5 TFSI e
0%
Q7Q7 TFSI e
0%
Q8Q8Sportback e-tron
0%
Q8Q8 TFSI e
0%
R8R8 Coupé V10 performance quattro
0%
R8R8 Coupé V10 performance RWD
0%
R8R8 Spyder V10 performance quattro
0%
R8R8 Spyder V10 performance RWD
0%
RS3RS3 Limousine
0%
RS5RS5 Coupé
0%
RS6RS6 Avant performance
0%
RS7RS7 Sportback performance
0%
RS Q3RS Q3 Sportback
0%
S3S3 Limousine FSI
0%
S3S3 Sportback TFSI e
0%
S4S4 Avant TDI
0%
S4S4 Limousine TDI
0%
S5S5 Cabriolet TFSI
0%
S5S5 Sportback TDI
0%
S6S6 Avant TDI
0%
S6S6 Limousine TDI
0%
S7S7 Sportback TDI
0%
S8S8 TFSI
0%
SQ5SQ5 Sportback TDI
0%
SQ5SQ5 TDI
0%
SQ7SQ7 TFSI
0%
SQ8SQ8 Sportback e-tron
0%
SQ8SQ8 TFSI
0%
TTTT Roadster
0%
TT RSTT RS Roadster
0%
TTSTTS Coupé TFSI
0%
TTSTTS Roadster TFSI
0%

Verteilung der Resultate

Perzentil nach korrekt beantworteten Fragen

Anzahl Personen mit jedem Resultat

Ihre Resultats-Entwicklung

Sie haben dieses Quiz noch nicht gespielt